• 首页
  • 本馆介绍
  • 公告通知
  • 最新文献
  • 馆藏检索
  • 电子资源
  • 读者导购
  • 参考咨询
  • 我的图书馆
  • 登录
  • 详细信息显示
  • 放入我的书架
  • 预约/预借图书
  • 作者相关作品
  • 分类相关作品
  • 丛书相关作品
  • 出版社相关作品

书目信息

  • 表格格式
  • 工作单格式
  • 卡片格式
书名: The best short stories of Guy de Maupassant
作者: Guy de Maupassant.
分册号:
分册名:
出版地: New York :
 
出版社: Airmont Pub. Co
出版时间: c1968.
页数: 224 p. ;
开本: 18 cm.
丛书名:
中图分类号:
科图分类号:
其他分类号: H319.4
主题词:
电子资源:
000 00589nam 2200205Ii 45x0
001 E0729873086
003 OCoLC
005 20070303081930.75
008 030429s1968 nyu 000 1 eng d
020    @a0804901619 :@cCNY0.70.
040    @aTMN@cTMN
090    @aK546.571/W6
090    @aH319.4
099    @dH319.4@ex401
100 1  @aMaupassant, Guy de,@d1850-1893.
245 14 @aThe best short stories of Guy de Maupassant / @cGuy de Maupassant.
260    @aNew York :@bAirmont Pub. Co.,@cc1968.
300    @a224 p. ;@c18 cm.
500    @a"An Airmont classic."
920    @a232010
    
    The best short stories of Guy de Maupassant / / Guy de Maupassant.-New York : : Airmont Pub. Co., , c1968.
    224 p. ; ; 18 cm.
    "An Airmont classic."
    
    ISBN 0804901619 :CNY0.70.
    
●
相关链接 在E读中查询图书 在五车中查询图书 在当当中查询图书 在豆瓣中查询图书


正题名:best short stories of Guy de Maupassant     索取号:H319.4/x401         预约/预借

序号 登录号 条形码 馆藏地/架位号 状态 备注
1 58604   202457233   第四借阅区/ [索取号:H319.4/x401] 在馆    
唐山师范学院图书馆 欢迎您!
大连网信软件有限公司© 版权所有